| 000 | 00975pam a2200289 a 4500 | ||
|---|---|---|---|
| 001 | 4802062 | ||
| 003 | OSt | ||
| 005 | 20180117085959.0 | ||
| 008 | 880617s1989 njua b 001 0 eng | ||
| 010 | _a 88021832 | ||
| 020 | _a0138232873 | ||
| 040 |
_aDLC _cDLC _dDLC |
||
| 050 | 0 | 0 |
_aHM51 _b.M166 1989 |
| 082 | 0 | 0 |
_a301 _219 |
| 100 | 1 | _aMacionis, John J. | |
| 245 | 1 | 0 |
_aSociology / _cJohn J. Macionis. |
| 250 | _a2nd ed. | ||
| 260 |
_aEnglewood Cliffs, N.J. : _bPrentice-Hall, _cc1989. |
||
| 300 |
_axxi, 671 p. : _bill. (some col.) ; _c27 cm. |
||
| 500 | _aIncludes indexes. | ||
| 504 | _aBibliography: p. 644-668. | ||
| 650 | 0 | _aSociology. | |
| 906 |
_a7 _bcbc _corignew _d1 _eocip _f19 _gy-gencatlg |
||
| 942 |
_2ddc _cBK |
||
| 999 |
_c3116 _d3116 |
||